[Event "Olomouc Chess Summer 2019 - B2 - Optimtop Cup"]
[Site "Olomouc (CZE), Hotel Flora"]
[Date "2019.08.11"]
[Round "3"]
[Board "3"]
[White "ARPITA, Mukherjee"]
[Black "MICHALEK, Jan"]
[Result "1/2-1/2"]
[WhiteElo "2290"]
[BlackElo "2237"]
[PlyCount "28"]
[EventDate "2019.08.10"]
[EventRounds "9"]
[EventCountry "CZE"]

1. e4 c5 2. Nf3 Nc6 3. d4 cxd4 4. Nxd4 Qb6 5. Nb3 Nf6 6. Nc3 e6 7. a3 a6 8. Be2
Be7 9. Be3 Qc7 10. f4 d6 11. O-O b5 12. Qe1 O-O 13. Qg3 Bb7 14. Rad1 Rac8
 1/2-1/2

[Event "Olomouc Chess Summer 2019 - B2 - Optimtop Cup"]
[Site "Olomouc (CZE), Hotel Flora"]
[Date "2019.08.11"]
[Round "3"]
[Board "4"]
[White "JEDLICKA, Ales"]
[Black "LEVI, Netanel"]
[Result "1/2-1/2"]
[WhiteElo "2227"]
[BlackElo "2143"]
[PlyCount "85"]
[EventDate "2019.08.10"]
[EventRounds "9"]
[EventCountry "CZE"]

1. d4 d6 2. Nf3 Nf6 3. c4 g6 4. Nc3 Bf5 5. Qb3 b6 6. g3 Bg7 7. Bg2 Nc6 8. d5
Na5 9. Qd1 Ne4 10. Nxe4 Bxe4 11. O-O O-O 12. Nd2 Bxg2 13. Kxg2 c6 14. dxc6 Qc7
15. Qa4 Qxc6+ 16. Qxc6 Nxc6 17. Rb1 Rfd8 18. b3 d5 19. Bb2 dxc4 20. Nxc4 b5 21.
Bxg7 Kxg7 22. Na3 a6 23. Rb2 Rd6 24. Rc1 Rad8 25. Nb1 Ne5 26. Rc7 e6 27. Nc3
Rd2 28. Rxd2 Rxd2 29. b4 Rb2 30. a4 bxa4 31. Nxa4 Rxb4 32. Nc5 Rb6 33. Ra7 Rc6
34. Nxa6 Rc2 35. Nc7 Kf8 36. Kf1 Rc1+ 37. Kg2 Rc2 38. Kf1 Rc1+ 39. Kg2 Nc6 40.
Ra8+ Ke7 41. Nb5 Rc5 42. Rc8 Rxb5 43. Rxc6  1/2-1/2

[Event "Olomouc Chess Summer 2019 - B2 - Optimtop Cup"]
[Site "Olomouc (CZE), Hotel Flora"]
[Date "2019.08.11"]
[Round "3"]
[Board "5"]
[White "YAO, Lan"]
[Black "JUREK, Josef"]
[Result "0-1"]
[WhiteElo "2320"]
[BlackElo "2244"]
[PlyCount "78"]
[EventDate "2019.08.10"]
[EventRounds "9"]
[EventCountry "CZE"]

1. e4 e6 2. d4 d5 3. Nc3 Bb4 4. e5 Ne7 5. Bd2 b6 6. Nf3 Qd7 7. a3 Bxc3 8. Bxc3
Ba6 9. Bxa6 Nxa6 10. Qd3 Nb8 11. O-O c5 12. dxc5 bxc5 13. b4 c4 14. Qd2 Qa4 15.
Rfb1 a6 16. b5 axb5 17. Nd4 Nbc6 18. Bb4 Nxb4 19. Rxb4 Qa5 20. c3 O-O 21. Rxb5
Qc7 22. f4 Rfb8 23. a4 Rxb5 24. Nxb5 Qc6 25. Nd4 Qc7 26. h3 g6 27. Qa2 Nc6 28.
Nxc6 Qxc6 29. a5 Qc5+ 30. Kh1 d4 31. cxd4 Qxd4 32. a6 Kg7 33. Qa4 Qb2 34. Rg1
Qb6 35. Qxc4 Rxa6 36. Rd1 Qc6 37. Qe2 Ra3 38. Qg4 Qc2 39. Kh2 h5  0-1

[Event "Olomouc Chess Summer 2019 - B2 - Optimtop Cup"]
[Site "Olomouc (CZE), Hotel Flora"]
[Date "2019.08.12"]
[Round "4"]
[Board "1"]
[White "VALENTA, Vit"]
[Black "JUREK, Josef"]
[Result "1/2-1/2"]
[WhiteElo "2198"]
[BlackElo "2244"]
[PlyCount "56"]
[EventDate "2019.08.10"]
[EventRounds "9"]
[EventCountry "CZE"]

1. e4 e6 2. d4 d5 3. Nc3 Bb4 4. a3 Bxc3+ 5. bxc3 dxe4 6. Qg4 Nf6 7. Qxg7 Rg8 8.
Qh6 c5 9. Ne2 Bd7 10. g3 Bc6 11. Bg2 Nbd7 12. O-O Qa5 13. Bd2 Qa4 14. dxc5 Rg6
15. Qe3 e5 16. c4 Qxc4 17. Rfe1 O-O-O 18. Qc3 Qxc3 19. Bxc3 e3 20. fxe3 Bxg2
21. Kxg2 Nd5 22. Bd2 Nxc5 23. c4 Nb6 24. Bb4 Nd3 25. Rf1 Nxb4 26. axb4 Rd2 27.
Rae1 Nxc4 28. Rxf7 Nxe3+  1/2-1/2

[Event "Olomouc Chess Summer 2019 - B2 - Optimtop Cup"]
[Site "Olomouc (CZE), Hotel Flora"]
[Date "2019.08.12"]
[Round "4"]
[Board "2"]
[White "LEVI, Netanel"]
[Black "YAO, Lan"]
[Result "1-0"]
[WhiteElo "2143"]
[BlackElo "2320"]
[PlyCount "71"]
[EventDate "2019.08.10"]
[EventRounds "9"]
[EventCountry "CZE"]

1. e4 c5 2. Nf3 e6 3. g3 Nc6 4. Bg2 g6 5. d4 d6 6. dxc5 dxc5 7. Qxd8+ Kxd8 8.
Bf4 Bg7 9. Nc3 Nd4 10. O-O-O Bd7 11. e5 Nxf3 12. Bxf3 Kc7 13. Bxb7 Rb8 14. Bf3
Ne7 15. Rd6 Nc8 16. Ra6 g5 17. Bxg5 Bxe5 18. Be3 Bd6 19. Rd1 Rb6 20. Ra5 Bc6
21. Bxc6 Rxc6 22. Ne4 Kb6 23. b4 Be7 24. Nxc5 Bxc5 25. Bxc5+ Kc7 26. Bxa7 Rg8
27. Be3 f6 28. Rh5 Rg7 29. Bc5 e5 30. Rf5 Nb6 31. Bxb6+ Kxb6 32. Rd2 Kb5 33. a3
Kc4 34. Kb2 Re7 35. f4 e4 36. Rfd5  1-0

[Event "Olomouc Chess Summer 2019 - B2 - Optimtop Cup"]
[Site "Olomouc (CZE), Hotel Flora"]
[Date "2019.08.12"]
[Round "4"]
[Board "3"]
[White "MICHALEK, Jan"]
[Black "JEDLICKA, Ales"]
[Result "1-0"]
[WhiteElo "2237"]
[BlackElo "2227"]
[PlyCount "95"]
[EventDate "2019.08.10"]
[EventRounds "9"]
[EventCountry "CZE"]

1. e4 c5 2. Nc3 Nc6 3. Nf3 e6 4. d4 cxd4 5. Nxd4 Nf6 6. Nxc6 bxc6 7. e5 Nd5 8.
Ne4 Qc7 9. f4 Qb6 10. c4 Bb4+ 11. Ke2 f5 12. exf6 Nxf6 13. Be3 Qa5 14. Nd6+
Bxd6 15. Qxd6 Ba6 16. Kd1 Ne4 17. Qd4 Qf5 18. Qxg7 O-O-O 19. Qe5 d5 20. Qxf5
dxc4+ 21. Kc1 exf5 22. g3 Rhe8 23. Bh3 Rd5 24. Re1 c3 25. Bg2 cxb2+ 26. Kxb2
Red8 27. Rac1 Kb7 28. g4 Bd3 29. g5 Bb5 30. Bf3 Rd3 31. Bxe4 fxe4 32. f5 R3d5
33. f6 Rf5 34. h4 Rg8 35. Rc5 Rf3 36. Re5 Bd3 37. Re7+ Ka6 38. Kc3 c5 39. Rxh7
Kb5 40. Rxa7 Kb6 41. Re7 Ra8 42. Kb2 Rg3 43. Kb3 Kc6 44. f7 Rg2 45. Re8 Raxa2
46. Rc1 Rgb2+ 47. Kc3 Re2 48. Bxc5  1-0

[Event "Olomouc Chess Summer 2019 - B2 - Optimtop Cup"]
[Site "Olomouc (CZE), Hotel Flora"]
[Date "2019.08.12"]
[Round "4"]
[Board "4"]
[White "OBSIVAC, Josef"]
[Black "ARPITA, Mukherjee"]
[Result "1/2-1/2"]
[WhiteElo "2247"]
[BlackElo "2290"]
[PlyCount "148"]
[EventDate "2019.08.10"]
[EventRounds "9"]
[EventCountry "CZE"]

1. d4 Nf6 2. c4 g6 3. Nc3 Bg7 4. e4 d6 5. Nf3 O-O 6. Be2 e5 7. d5 a5 8. h3 Na6
9. Bg5 h6 10. Be3 Nh5 11. Nd2 Nf4 12. Bf1 f5 13. g3 fxe4 14. Ndxe4 Nh5 15. Qd2
Kh7 16. Be2 Nf6 17. g4 Nxe4 18. Nxe4 b6 19. h4 Nc5 20. Qc2 Nxe4 21. Qxe4 h5 22.
O-O-O hxg4 23. h5 Bf5 24. hxg6+ Kg8 25. Qg2 Qd7 26. Rh5 Qa4 27. Rxf5 Rxf5 28.
Qxg4 Rf6 29. Kb1 Qe8 30. Bd3 e4 31. Bxe4 Qe5 32. Bd4 Rf4 33. Bxe5 Rxg4 34. Bxg7
Kxg7 35. f3 Rg2 36. Rh1 Rh8 37. Rh7+ Rxh7 38. gxh7 Rh2 39. a3 Kf6 40. Ka2 a4
41. Bc2 Ke5 42. Bxa4 Rxh7 43. Kb3 Rh2 44. Kc3 Kf4 45. b3 Kxf3 46. Kb4 Ke4 47.
Kb5 Kd4 48. Kc6 Rh7 49. Bb5 Kc3 50. b4 Kb3 51. c5 dxc5 52. bxc5 bxc5 53. Kxc5
Kxa3 54. Kc6 Kb4 55. Be2 Kc3 56. Bg4 Kd4 57. d6 cxd6 58. Kxd6 Rh6+ 59. Ke7 Ke5
60. Kf7 Ra6 61. Kg7 Kf4 62. Be2 Ra2 63. Bc4 Rc2 64. Bb3 Rc3 65. Ba2 Kg5 66. Bd5
Rc7+ 67. Kh8 Kg6 68. Be4+ Kf6 69. Bd5 Rc8+ 70. Kh7 Rc5 71. Bb3 Rh5+ 72. Kg8
Rg5+ 73. Kh7 Rh5+ 74. Kg8 Rg5+  1/2-1/2

[Event "Olomouc Chess Summer 2019 - B2 - Optimtop Cup"]
[Site "Olomouc (CZE), Hotel Flora"]
[Date "2019.08.12"]
[Round "4"]
[Board "5"]
[White "PANCZYK, Krzysztof"]
[Black "ZVOLANEK, Libor"]
[Result "1/2-1/2"]
[WhiteElo "2344"]
[BlackElo "2150"]
[PlyCount "85"]
[EventDate "2019.08.10"]
[EventRounds "9"]
[EventCountry "CZE"]

1. d4 Nf6 2. c4 g6 3. Nf3 Bg7 4. g3 O-O 5. Bg2 d6 6. O-O Nbd7 7. Nc3 e5 8. e4
c6 9. h3 Qb6 10. d5 Nc5 11. Ne1 cxd5 12. cxd5 a5 13. Nd3 Nxd3 14. Qxd3 Bd7 15.
Be3 Qa6 16. Qxa6 bxa6 17. Rfc1 Rfb8 18. Rc2 Ne8 19. Rac1 Bf6 20. Nb1 Bd8 21.
Na3 Bb6 22. Bxb6 Rxb6 23. h4 Rb4 24. Nc4 Rab8 25. Kh2 R4b5 26. Bh3 Bxh3 27.
Kxh3 Rc5 28. Kg2 Kf8 29. Kf1 Ke7 30. Ke2 f5 31. exf5 gxf5 32. Ne3 Rxc2+ 33.
Rxc2 f4 34. gxf4 exf4 35. Ng2 Kf6 36. Nxf4 Rb4 37. Ng2 Ke5 38. Kf3 Nf6 39. b3
Nxd5 40. Re2+ Kf6 41. Rd2 Ke5 42. Re2+ Kf6 43. Rd2  1/2-1/2

[Event "Olomouc Chess Summer 2019 - B2 - Optimtop Cup"]
[Site "Olomouc (CZE), Hotel Flora"]
[Date "2019.08.13"]
[Round "5"]
[Board "1"]
[White "ZVOLANEK, Libor"]
[Black "VALENTA, Vit"]
[Result "0-1"]
[WhiteElo "2150"]
[BlackElo "2198"]
[PlyCount "78"]
[EventDate "2019.08.10"]
[EventRounds "9"]
[EventCountry "CZE"]

1. Nf3 Nf6 2. g3 g6 3. Bg2 Bg7 4. O-O O-O 5. c4 d6 6. d4 Nbd7 7. Nc3 e5 8. e4
Re8 9. h3 c6 10. Be3 Qc7 11. d5 c5 12. Nh2 a6 13. f4 Nh5 14. Qf3 exf4 15. gxf4
Nb6 16. Qe2 Ng3 17. Qd3 Nxf1 18. Rxf1 Nd7 19. e5 Qb6 20. e6 Nf6 21. f5 Qxb2 22.
fxg6 fxe6 23. Bg5 Rf8 24. Rb1 Qa3 25. Rb3 Qa5 26. dxe6 Bxe6 27. Rxb7 Rab8 28.
Qxd6 Rxb7 29. Qxe6+ Kh8 30. Bxb7 Qxc3 31. Nf1 hxg6 32. Qxa6 Ne4 33. Bxe4 Qd4+
34. Ne3 Qxe4 35. Qd6 Qb1+ 36. Kg2 Qxa2+ 37. Kg3 Qf2+ 38. Kg4 Qf3+ 39. Kh4 Qh5+
 0-1

[Event "Olomouc Chess Summer 2019 - B2 - Optimtop Cup"]
[Site "Olomouc (CZE), Hotel Flora"]
[Date "2019.08.13"]
[Round "5"]
[Board "2"]
[White "ARPITA, Mukherjee"]
[Black "PANCZYK, Krzysztof"]
[Result "1/2-1/2"]
[WhiteElo "2290"]
[BlackElo "2344"]
[PlyCount "82"]
[EventDate "2019.08.10"]
[EventRounds "9"]
[EventCountry "CZE"]

1. e4 c5 2. Nf3 Nc6 3. d4 cxd4 4. Nxd4 g6 5. c4 Bg7 6. Be3 Nf6 7. Nc3 O-O 8.
Be2 b6 9. f3 Bb7 10. Qd2 Qb8 11. O-O Rd8 12. Rfd1 d6 13. Nxc6 Bxc6 14. Nd5 Qb7
15. Bh6 Bxd5 16. cxd5 Bxh6 17. Qxh6 b5 18. Qe3 b4 19. Rac1 Rac8 20. b3 a5 21.
f4 Rxc1 22. Rxc1 Rc8 23. Rc4 Nd7 24. Qd4 Rxc4 25. Bxc4 f6 26. Kf2 Qc7 27. Ke2
Kf7 28. Kd2 Qb8 29. Qe3 Qh8 30. Kc2 Nc5 31. Qf3 Qg7 32. Qh3 g5 33. fxg5 fxg5
34. e5 Qxe5 35. Qxh7+ Ke8 36. Qg8+ Kd7 37. Qb8 Qe4+ 38. Kd1 Qd4+ 39. Ke2 Qe4+
40. Kd1 Qd4+ 41. Ke2 Qe4+  1/2-1/2

[Event "Olomouc Chess Summer 2019 - B2 - Optimtop Cup"]
[Site "Olomouc (CZE), Hotel Flora"]
[Date "2019.08.13"]
[Round "5"]
[Board "3"]
[White "JEDLICKA, Ales"]
[Black "OBSIVAC, Josef"]
[Result "0-1"]
[WhiteElo "2227"]
[BlackElo "2247"]
[PlyCount "66"]
[EventDate "2019.08.10"]
[EventRounds "9"]
[EventCountry "CZE"]

1. d4 Nf6 2. c4 g6 3. Nc3 Bg7 4. Nf3 O-O 5. e4 d6 6. h3 Na6 7. Bg5 Qe8 8. Bd3
e5 9. d5 Nh5 10. Bc2 f5 11. exf5 gxf5 12. Qd2 Nb4 13. Ba4 Qg6 14. Nh4 Qf7 15.
a3 Na6 16. O-O-O Nc5 17. Bc2 b5 18. cxb5 a6 19. g4 Nf4 20. gxf5 axb5 21. Rdg1
b4 22. Bh6 bxc3 23. bxc3 Nfd3+ 24. Kd1 Qh5+ 25. f3 Rf7 26. Bxg7 Rxg7 27. Rxg7+
Kxg7 28. Rg1+ Kf6 29. Qg2 Qh6 30. Bxd3 Nxd3 31. Qg8 Bxf5 32. Qxa8 Qc1+ 33. Ke2
Qc2+  0-1

[Event "Olomouc Chess Summer 2019 - B2 - Optimtop Cup"]
[Site "Olomouc (CZE), Hotel Flora"]
[Date "2019.08.13"]
[Round "5"]
[Board "4"]
[White "YAO, Lan"]
[Black "MICHALEK, Jan"]
[Result "0-1"]
[WhiteElo "2320"]
[BlackElo "2237"]
[PlyCount "126"]
[EventDate "2019.08.10"]
[EventRounds "9"]
[EventCountry "CZE"]

1. e4 c5 2. Nf3 Nc6 3. d4 cxd4 4. Nxd4 Nf6 5. Nc3 e5 6. Ndb5 d6 7. Nd5 Nxd5 8.
exd5 Nb8 9. c4 a6 10. Nc3 Be7 11. Bd3 O-O 12. O-O f5 13. f3 Nd7 14. Qe2 Bg5 15.
f4 Bh6 16. Kh1 g6 17. fxe5 Bxc1 18. Raxc1 Nxe5 19. c5 Re8 20. cxd6 Qxd6 21. Qd2
Bd7 22. h3 Rad8 23. Rcd1 Qb6 24. Qf2 Qxf2 25. Rxf2 Kg7 26. Kh2 Nf7 27. Kg1 Re5
28. Re2 Rde8 29. Rxe5 Rxe5 30. Kf2 Nd6 31. Bc2 Kf6 32. Rd4 h6 33. h4 g5 34.
hxg5+ hxg5 35. Rb4 b5 36. Rd4 Re8 37. a3 Rc8 38. Bb3 a5 39. Kf3 Ke5 40. Rd1 Nc4
41. Bxc4 Rxc4 42. Rd2 Rd4 43. Re2+ Kd6 44. Ke3 Rc4 45. Kd3 Rg4 46. Rc2 b4 47.
axb4 axb4 48. Nb1 Kxd5 49. Ke3 Rd4 50. Nd2 Bb5 51. Kf2 Rd3 52. Nf1 f4 53. Rc8
Rb3 54. Rd8+ Ke5 55. Rd2 g4 56. Rc2 Bxf1 57. Kxf1 Kd4 58. Rd2+ Rd3 59. Rf2 f3
60. Kg1 g3 61. Rxf3 Rd1+ 62. Rf1 Rxf1+ 63. Kxf1 Kd3  0-1

[Event "Olomouc Chess Summer 2019 - B2 - Optimtop Cup"]
[Site "Olomouc (CZE), Hotel Flora"]
[Date "2019.08.13"]
[Round "5"]
[Board "5"]
[White "JUREK, Josef"]
[Black "LEVI, Netanel"]
[Result "1-0"]
[WhiteElo "2244"]
[BlackElo "2143"]
[PlyCount "133"]
[EventDate "2019.08.10"]
[EventRounds "9"]
[EventCountry "CZE"]

1. d4 d6 2. g3 Nf6 3. Bg2 g6 4. b3 Bg7 5. Bb2 O-O 6. Nf3 c5 7. c4 cxd4 8. Nxd4
d5 9. cxd5 Nxd5 10. O-O Na6 11. Qd2 e5 12. Nc2 Be6 13. Rd1 Qc7 14. e4 Ne7 15.
Nc3 Rfd8 16. Qe2 Rac8 17. Ne3 Qb8 18. Rxd8+ Rxd8 19. Rd1 Nc6 20. Ncd5 Nc7 21.
Nxc7 Rxd1+ 22. Qxd1 Qxc7 23. Bf1 Nd4 24. Bc4 Bxc4 25. Nxc4 Qc6 26. Qd3 b5 27.
Ne3 Nf3+ 28. Kf1 Qxe4 29. Qxe4 Nd2+ 30. Ke2 Nxe4 31. Nd5 Nc5 32. Ne7+ Kh8 33.
Nc6 a6 34. Bxe5 Bxe5 35. Nxe5 Kg7 36. Nd3 Ne4 37. Nb4 a5 38. Nd5 f5 39. f3 Nc5
40. Ke3 Kf7 41. Nc7 b4 42. Kd4 Nd7 43. Na6 Kf6 44. f4 g5 45. Nc5 Nb6 46. Nd3
gxf4 47. Nxf4 Nd7 48. Kd5 Kg5 49. Kc6 Ne5+ 50. Kb5 Nf3 51. h3 h5 52. Ne2 Ne1
53. Nd4 h4 54. gxh4+ Kf4 55. Kxa5 Nd3 56. h5 Ke4 57. h6 Ne5 58. h7 Nf7 59. Ne6
Ke5 60. Ng5 Nh8 61. Kxb4 Kf4 62. h4 Kg4 63. a4 f4 64. a5 Kxh4 65. Ne4 f3 66. a6
f2 67. Nxf2  1-0

[Event "Olomouc Chess Summer 2019 - B2 - Optimtop Cup"]
[Site "Olomouc (CZE), Hotel Flora"]
[Date "2019.08.14"]
[Round "6"]
[Board "1"]
[White "VALENTA, Vit"]
[Black "LEVI, Netanel"]
[Result "1/2-1/2"]
[WhiteElo "2198"]
[BlackElo "2143"]
[PlyCount "112"]
[EventDate "2019.08.10"]
[EventRounds "9"]
[EventCountry "CZE"]

1. e4 d6 2. d4 Nf6 3. Nc3 e5 4. dxe5 dxe5 5. Qxd8+ Kxd8 6. Bc4 Ke8 7. Nf3 Bd6
8. Bg5 Be6 9. Bxe6 fxe6 10. O-O-O h6 11. Bh4 g5 12. Bg3 Nc6 13. Nd2 Nh5 14. Nc4
Ke7 15. f3 Nf4 16. Nxd6 cxd6 17. Bxf4 gxf4 18. Ne2 Rhf8 19. c3 Rad8 20. Rhe1 d5
21. exd5 exd5 22. Nd4 Kf6 23. Nb3 Rg8 24. Re2 b6 25. Nd2 Kf5 26. Nf1 e4 27.
Rxd5+ Rxd5 28. fxe4+ Ke5 29. exd5+ Kxd5 30. Rf2 Ne5 31. Kc2 Rf8 32. b3 Ke4 33.
Re2+ Kf5 34. a4 Rd8 35. Rd2 Rg8 36. Re2 Rd8 37. h3 Rg8 38. Nd2 Rg3 39. Rf2 h5
40. Nf1 h4 41. b4 f3 42. Nxg3+ hxg3 43. Rf1 Ke4 44. Re1+ Kf4 45. gxf3 Nxf3 46.
Re2 Ng1 47. Rg2 Nxh3 48. Kd3 Kf3 49. Rxg3+ Kxg3 50. Kc4 Kf4 51. Kb5 Ke5 52. Ka6
Nf4 53. Kxa7 Nd5 54. c4 Nxb4 55. Kxb6 Kd4 56. Kb5 Nd3  1/2-1/2

[Event "Olomouc Chess Summer 2019 - B2 - Optimtop Cup"]
[Site "Olomouc (CZE), Hotel Flora"]
[Date "2019.08.14"]
[Round "6"]
[Board "2"]
[White "MICHALEK, Jan"]
[Black "JUREK, Josef"]
[Result "1/2-1/2"]
[WhiteElo "2237"]
[BlackElo "2244"]
[PlyCount "24"]
[EventDate "2019.08.10"]
[EventRounds "9"]
[EventCountry "CZE"]

1. d4 d5 2. Nf3 Nf6 3. Bf4 c6 4. c3 Bf5 5. Nbd2 e6 6. e3 Bd6 7. Bxd6 Qxd6 8.
Nh4 Bg6 9. Nxg6 hxg6 10. Nf3 Nbd7 11. Qb3 Rb8 12. h3 e5  1/2-1/2

[Event "Olomouc Chess Summer 2019 - B2 - Optimtop Cup"]
[Site "Olomouc (CZE), Hotel Flora"]
[Date "2019.08.14"]
[Round "6"]
[Board "3"]
[White "OBSIVAC, Josef"]
[Black "YAO, Lan"]
[Result "1/2-1/2"]
[WhiteElo "2247"]
[BlackElo "2320"]
[PlyCount "81"]
[EventDate "2019.08.10"]
[EventRounds "9"]
[EventCountry "CZE"]

1. d4 Nf6 2. c4 e6 3. Nf3 b6 4. g3 Bb7 5. Bg2 Bb4+ 6. Nbd2 O-O 7. O-O d5 8. Qc2
Nbd7 9. a3 Be7 10. b4 c6 11. c5 a5 12. Bb2 Qb8 13. Rfb1 axb4 14. axb4 Ba6 15.
e3 Bb5 16. Rxa8 Qxa8 17. Ra1 Qb7 18. Nb1 bxc5 19. bxc5 Ne4 20. Nfd2 Nxd2 21.
Nxd2 Ra8 22. Rxa8+ Qxa8 23. e4 Qa6 24. e5 Bd8 25. Bc3 Ba5 26. Bxa5 Qxa5 27. Qb2
Qa4 28. Bf1 Bxf1 29. Nxf1 Nf8 30. Ne3 h6 31. h4 Nd7 32. Kg2 Qa7 33. Nc2 Qb8 34.
Qb4 Qa7 35. Qb3 Qa6 36. Ne3 Nf8 37. Qb8 Qd3 38. Qb2 Qe4+ 39. Kg1 Qd3 40. Ng2
Ng6 41. Qa1  1/2-1/2

[Event "Olomouc Chess Summer 2019 - B2 - Optimtop Cup"]
[Site "Olomouc (CZE), Hotel Flora"]
[Date "2019.08.14"]
[Round "6"]
[Board "4"]
[White "PANCZYK, Krzysztof"]
[Black "JEDLICKA, Ales"]
[Result "0-1"]
[WhiteElo "2344"]
[BlackElo "2227"]
[PlyCount "51"]
[EventDate "2019.08.10"]
[EventRounds "9"]
[EventCountry "CZE"]

1. d4 Nf6 2. c4 g6 3. Nf3 Bg7 4. g3 O-O 5. Bg2 d6 6. O-O Nc6 7. d5 Na5 8. Nbd2
c5 9. Ne1 a6 10. Rb1 b5 11. cxb5 axb5 12. b4 cxb4 13. Nd3 Bd7 14. Nxb4 Qc7 15.
Bb2 Nc4 16. Bd4 Rfc8 17. e3 Ra4 18. Nc6 Nxd5 19. Nxc4 Bxc6 20. Bxg7 Kxg7 21.
Nb2 Nc3 22. Qd3 Bxg2 23. Kxg2 Qc6+ 24. Kg1 Qf3 25. Rbe1 Rxa2 26. Nd1  0-1

[Event "Olomouc Chess Summer 2019 - B2 - Optimtop Cup"]
[Site "Olomouc (CZE), Hotel Flora"]
[Date "2019.08.14"]
[Round "6"]
[Board "5"]
[White "ZVOLANEK, Libor"]
[Black "ARPITA, Mukherjee"]
[Result "1/2-1/2"]
[WhiteElo "2150"]
[BlackElo "2290"]
[PlyCount "76"]
[EventDate "2019.08.10"]
[EventRounds "9"]
[EventCountry "CZE"]

1. e4 c5 2. Nf3 d6 3. d3 g6 4. g3 Bg7 5. Bg2 Nc6 6. O-O Nf6 7. Re1 O-O 8. c3 e5
9. a3 a5 10. a4 h6 11. Na3 Be6 12. Nb5 d5 13. exd5 Nxd5 14. Nd2 Qe7 15. Qe2 Nb6
16. b3 Na7 17. Nxa7 Rxa7 18. Ba3 Nd7 19. d4 exd4 20. cxd4 Bxd4 21. Rac1 b6 22.
Nf3 Bg7 23. Bh3 Qf6 24. Bxe6 Qxe6 25. Qxe6 fxe6 26. Kg2 e5 27. Rcd1 Rf7 28. Rd6
g5 29. Nd2 Ra8 30. Nc4 Raf8 31. Re2 e4 32. Bb2 Bxb2 33. Rxb2 Nf6 34. Ne5 Rb7
35. Ng6 Rff7 36. Ne5 Rf8 37. Ng6 Rff7 38. Ne5 Rf8  1/2-1/2

[Event "Olomouc Chess Summer 2019 - B2 - Optimtop Cup"]
[Site "Olomouc (CZE), Hotel Flora"]
[Date "2019.08.15"]
[Round "7"]
[Board "1"]
[White "ARPITA, Mukherjee"]
[Black "VALENTA, Vit"]
[Result "1-0"]
[WhiteElo "2290"]
[BlackElo "2198"]
[PlyCount "107"]
[EventDate "2019.08.10"]
[EventRounds "9"]
[EventCountry "CZE"]

1. e4 c5 2. Nf3 e6 3. d4 cxd4 4. Nxd4 a6 5. Bd3 Qc7 6. c4 Nf6 7. Qe2 Nc6 8.
Nxc6 dxc6 9. e5 Nd7 10. f4 Bc5 11. Nc3 f5 12. exf6 Nxf6 13. Bd2 Bd7 14. g4
O-O-O 15. g5 Ne8 16. O-O-O Bd4 17. Rhf1 Nd6 18. Qe1 b5 19. cxb5 axb5 20. Kb1
Kb8 21. Ne2 Bb6 22. Bc3 Bc8 23. Ng3 Ka7 24. Be5 Qe7 25. Qc3 Rd7 26. Qxc6 Bb7
27. Qc3 Rc8 28. Qa3+ Ba6 29. Ne4 Nc4 30. Qxe7 Rxe7 31. Bxc4 Rxc4 32. Nd6 Rc6
33. Rc1 Rxc1+ 34. Rxc1 Rd7 35. Ne8 g6 36. Nf6 Rd2 37. Nxh7 Rxh2 38. Nf8 b4 39.
Nxe6 Bd3+ 40. Ka1 Bf5 41. Ng7 Be3 42. Re1 Bf2 43. Rf1 Bd3 44. Rd1 Bc2 45. Rd7+
Ka6 46. b3 Rh1+ 47. Kb2 Be4 48. a3 bxa3+ 49. Kxa3 Bc5+ 50. b4 Rh3+ 51. Ka2 Bxb4
52. Rd4 Ra3+ 53. Kb2 Ra4 54. Kb3  1-0

[Event "Olomouc Chess Summer 2019 - B2 - Optimtop Cup"]
[Site "Olomouc (CZE), Hotel Flora"]
[Date "2019.08.15"]
[Round "7"]
[Board "2"]
[White "JEDLICKA, Ales"]
[Black "ZVOLANEK, Libor"]
[Result "0-1"]
[WhiteElo "2227"]
[BlackElo "2150"]
[PlyCount "90"]
[EventDate "2019.08.10"]
[EventRounds "9"]
[EventCountry "CZE"]

1. d4 d6 2. Nf3 Bg4 3. c4 c6 4. Nc3 Nd7 5. e4 e5 6. Be2 Be7 7. O-O Bxf3 8. Bxf3
Bg5 9. Bxg5 Qxg5 10. d5 c5 11. Qb3 b6 12. Qa4 Ke7 13. Nb5 Ngf6 14. Nxa7 Kf8 15.
Qa6 g6 16. a4 Kg7 17. a5 Rhb8 18. Ra2 Ne8 19. h4 Qxh4 20. g3 Qg5 21. axb6 Rxb6
22. Qa4 Rb7 23. Rfa1 Rbxa7 24. Qxa7 Rxa7 25. Rxa7 Ndf6 26. Rb7 Ng8 27. Raa7 Nh6
28. b4 cxb4 29. Rxb4 Qc1+ 30. Kg2 g5 31. Bh5 Nf6 32. Bxf7 Nxf7 33. Rbb7 Qxc4
34. Rxf7+ Kg6 35. Rg7+ Kh5 36. Rgf7 Qxe4+ 37. Kg1 Qe1+ 38. Kg2 Qe4+ 39. Kg1 Kg6
40. Rg7+ Kh5 41. Rgf7 Qf3 42. Rf8 Qd1+ 43. Kh2 Ng4+ 44. Kg2 Qxd5+ 45. Kg1 h6
 0-1

[Event "Olomouc Chess Summer 2019 - B2 - Optimtop Cup"]
[Site "Olomouc (CZE), Hotel Flora"]
[Date "2019.08.15"]
[Round "7"]
[Board "3"]
[White "YAO, Lan"]
[Black "PANCZYK, Krzysztof"]
[Result "1-0"]
[WhiteElo "2320"]
[BlackElo "2344"]
[PlyCount "47"]
[EventDate "2019.08.10"]
[EventRounds "9"]
[EventCountry "CZE"]

1. e4 c5 2. Nf3 Nc6 3. Bb5 g6 4. O-O Bg7 5. Nc3 d6 6. e5 dxe5 7. Bxc6+ bxc6 8.
Re1 f6 9. d3 Nh6 10. Be3 O-O 11. Bxc5 Nf5 12. Qe2 Re8 13. Ne4 Ba6 14. Ng3 Nxg3
15. hxg3 Qd5 16. Qe3 Bh6 17. Qxh6 Qxc5 18. Rac1 Qd5 19. Re4 c5 20. Rxe5 fxe5
21. Ng5 c4 22. Qxh7+ Kf8 23. Qh6+ Kg8 24. Qxg6+  1-0

[Event "Olomouc Chess Summer 2019 - B2 - Optimtop Cup"]
[Site "Olomouc (CZE), Hotel Flora"]
[Date "2019.08.15"]
[Round "7"]
[Board "4"]
[White "JUREK, Josef"]
[Black "OBSIVAC, Josef"]
[Result "1/2-1/2"]
[WhiteElo "2244"]
[BlackElo "2247"]
[PlyCount "22"]
[EventDate "2019.08.10"]
[EventRounds "9"]
[EventCountry "CZE"]

1. Nf3 Nf6 2. g3 g6 3. b3 Bg7 4. Bb2 d6 5. d4 O-O 6. Bg2 Nbd7 7. O-O e5 8. dxe5
Ng4 9. c4 Ngxe5 10. Nc3 Re8 11. Qd2 Nc5  1/2-1/2

[Event "Olomouc Chess Summer 2019 - B2 - Optimtop Cup"]
[Site "Olomouc (CZE), Hotel Flora"]
[Date "2019.08.15"]
[Round "7"]
[Board "5"]
[White "LEVI, Netanel"]
[Black "MICHALEK, Jan"]
[Result "1-0"]
[WhiteElo "2143"]
[BlackElo "2237"]
[PlyCount "75"]
[EventDate "2019.08.10"]
[EventRounds "9"]
[EventCountry "CZE"]

1. e4 c5 2. Nf3 e6 3. g3 Nc6 4. Bg2 Nf6 5. Qe2 e5 6. O-O Be7 7. d3 O-O 8. Nbd2
d6 9. c3 h6 10. a3 Rb8 11. b4 b5 12. Bb2 a5 13. bxc5 dxc5 14. c4 Nd4 15. Bxd4
exd4 16. e5 Ne8 17. cxb5 a4 18. Nc4 Rxb5 19. Nfd2 Nc7 20. Bc6 Rb8 21. Bxa4 Bh3
22. Rfc1 Qd5 23. Qe4 Qe6 24. Qc6 Nd5 25. Qxe6 fxe6 26. Ne4 Rf3 27. Bc2 Rbf8 28.
Ncd2 R3f5 29. Bb3 Rxe5 30. f4 Rh5 31. Bd1 Rhf5 32. Nf2 g5 33. Nxh3 gxf4 34.
Nxf4 Ne3 35. Bb3 Kh7 36. Bxe6 Rg5 37. Ne4 Rg7 38. Nd5  1-0

[Event "Olomouc Chess Summer 2019 - B2 - Optimtop Cup"]
[Site "Olomouc (CZE), Hotel Flora"]
[Date "2019.08.16"]
[Round "8"]
[Board "1"]
[White "VALENTA, Vit"]
[Black "MICHALEK, Jan"]
[Result "1/2-1/2"]
[WhiteElo "2198"]
[BlackElo "2237"]
[PlyCount "62"]
[EventDate "2019.08.10"]
[EventRounds "9"]
[EventCountry "CZE"]

1. Nf3 g6 2. e4 Bg7 3. d4 d6 4. Nc3 Nf6 5. Be2 O-O 6. O-O c5 7. dxc5 dxc5 8.
Qxd8 Rxd8 9. Bg5 Nc6 10. Rfd1 Be6 11. Rxd8+ Rxd8 12. Rd1 Rxd1+ 13. Bxd1 h6 14.
Bd2 Nd7 15. b3 g5 16. h3 a6 17. Nd5 Nde5 18. Be3 Nxf3+ 19. Bxf3 Bd4 20. c3 Bxe3
21. Nxe3 Ne5 22. Be2 Kf8 23. Kh2 f6 24. g3 Bd7 25. h4 Bc6 26. hxg5 hxg5 27. f3
Ke8 28. Kg1 Kd8 29. Kf2 e6 30. Nc4 Kc7 31. Nxe5 fxe5  1/2-1/2